De mik a valódi hallgatói igények? – a számvitel tanulás támogatásának dilemmái

Bibliographic Details
Main Authors: Frányó Zsófia
Szijártó Boglátka
Szabó Szabolcs
Format: Book part
Published: Budapesti Gazdaságtudományi Egyetem Budapest 2025
Series:II. Dr. Sztanó Imre Emlékkonferencia
Subjects:
doi:10.29180/978-615-6886-22-4_5

Online Access:http://publikaciotar.uni-bge.hu/2599

MARC

LEADER 00000naa a2200000 i 4500
001 publ2599
005 20260129143244.0
008 260129s2025 hu o 000 zxx d
020 |a 978-615-6886-22-4 
024 |a 10.29180/978-615-6886-22-4_5  |2 doi 
040 |a BGE Publikációtár Repozitórium  |b hun 
100 1 |a Frányó Zsófia 
245 1 0 |a De mik a valódi hallgatói igények? – a számvitel tanulás támogatásának dilemmái  |c Frányó Zsófia  |h [elektronikus dokumentum] 
260 |a Budapesti Gazdaságtudományi Egyetem  |b Budapest  |c 2025 
300 |a 1-16 
490 0 |a II. Dr. Sztanó Imre Emlékkonferencia 
520 3 |a A felsőoktatási intézmények között zajló versenyben az intézményt választó hallgatók számának növelése és a bekerült hallgatók lemorzsolódásának csökkentése kiemelt cél. Ennek megfelelően az oktatás minőségének javítása, a módszertan aktuális igényekhez való igazítása folyamatos feladat. Kihívást jelent viszont a valódi igények felismerése, mert az alkalmazkodás nem jelentheti az explicit hallgatói elvárások átgondolatlan kiszolgálását. Kutatásunk célkitűzése, hogy néhány korábbi oktatói tapasztalat alapján bevezetett változtatás hatását vizsgálja a BGE PSZ szak pénzügyi számvitel 2. tárgyat tanuló hallgatói által kitöltött kérdőívvel (2 év, n=430), a követelményekkel és a rendelkezésre álló segédanyagokkal való elégedettségük és saját sikeresség élményük tekintetében. Az eredmények minden témában viszonylag egyöntetűek, jelentős eltérések mutatkoznak azonban a további ötletek terén, ahol kifejezetten ellentétes irányú igények kerültek megfogalmazásra, alátámasztva kiinduló meglátásunkat, hogy nem lehetséges és nem is lehet cél az explicit elvárások kiszolgálása. Ehelyett azokat a megoldásokat kell megtalálnunk, amelyek a hallgatók többségét segítik, méghozzá nem másban, mint a hatékony tanulásban. 
650 4 |a szociológiai tudományok 
700 1 |a Szijártó Boglátka  |e aut 
700 1 |a Szabó Szabolcs  |e aut 
856 4 0 |u https://publikaciotar.uni-bge.hu/id/eprint/2599/1/Dr.%20Sztan%C3%B3%20Imre%20Elml%C3%A9kkonferencia_konferenciak%C3%B6tet_5.pdf  |z Dokumentum-elérés